<?xml version="1.0" encoding="UTF-8"?>
<collection xmlns="http://www.loc.gov/MARC21/slim">
 <record>
  <leader>01905nam a2200205Ia 4500</leader>
  <controlfield tag="001">TDMU_40262</controlfield>
  <controlfield tag="008">210410s9999    xx            000 0 und d</controlfield>
  <datafield tag="082" ind1=" " ind2=" ">
   <subfield code="a">006.301</subfield>
  </datafield>
  <datafield tag="090" ind1=" " ind2=" ">
   <subfield code="b">NG450</subfield>
  </datafield>
  <datafield tag="100" ind1=" " ind2=" ">
   <subfield code="a">Ngô, Thị Thanh Trúc</subfield>
  </datafield>
  <datafield tag="245" ind1=" " ind2="0">
   <subfield code="a">Công tác xã hội với trẻ em gia đình nhập cư có hoàn cảnh khó khăn trong việc tiếp cận dịch vụ giáo dục trên địa bàn phường Phú Cường, thành phố Thủ Dầu Một, tỉnh Bình Dương</subfield>
  </datafield>
  <datafield tag="245" ind1=" " ind2="0">
   <subfield code="c">Ngô, Thị Thanh Trúc; Đỗ Thị Vân Anh (h.dẫn)</subfield>
  </datafield>
  <datafield tag="260" ind1=" " ind2=" ">
   <subfield code="a">Bình Dương</subfield>
  </datafield>
  <datafield tag="260" ind1=" " ind2=" ">
   <subfield code="c">2019</subfield>
  </datafield>
  <datafield tag="300" ind1=" " ind2=" ">
   <subfield code="a">133 tr.+ Phụ lục</subfield>
  </datafield>
  <datafield tag="520" ind1=" " ind2=" ">
   <subfield code="a">Đồng ý về việc phục vụ đọc trực tuyến, cho chép file; cho photo 100% tài liệu; TM tài liệu tham khảo tr. 80 - 83; Luận văn Thạc sĩ trường Đại học Thủ Dầu Một. Chuyên ngành: Công tác xã hội ; Mã số: 8760101; Luận văn gồm 3 chương: Tổng quan về cơ sở lý thuyết; thực trạng việc tiếp cận dịch vụ giáo dục của trẻ nhập cư trên địa bàn phường; mô hình ctxh nhóm trong can thiệp cho trẻ nhập cư có hoàn cảnh khó khăn đối với việc tiếp cận dịch vụ giáo dục</subfield>
  </datafield>
  <datafield tag="650" ind1=" " ind2=" ">
   <subfield code="a">Công tác xã hội</subfield>
   <subfield code="x">Giáo dục</subfield>
   <subfield code="x">Trẻ nhập cư</subfield>
   <subfield code="z">Phường Phú Cường, thành phố Thủ Dầu Một (Bình Dương - Việt Nam); Trẻ em</subfield>
   <subfield code="x">Trẻ nhập cư</subfield>
   <subfield code="x">Dịch vụ giáo dục</subfield>
   <subfield code="z">Phường Phú Cường, thành phố Thủ Dầu Một (Bình Dương - Việt Nam)</subfield>
  </datafield>
  <datafield tag="700" ind1=" " ind2=" ">
   <subfield code="a">Đỗ, Thị Vân Anh</subfield>
  </datafield>
  <datafield tag="856" ind1=" " ind2=" ">
   <subfield code="u">http://lrc.tdmu.edu.vn/opac/search/detail.asp?aID=2&amp;ID=40262</subfield>
  </datafield>
  <datafield tag="980" ind1=" " ind2=" ">
   <subfield code="a">Trung tâm Học liệu Trường Đại học Thủ Dầu Một</subfield>
  </datafield>
 </record>
</collection>
